Paul Cezanne
Gardado en:
| Autor Principal: | |
|---|---|
| Formato: | Libro |
| Idioma: | francés |
| Publicado: |
París
Nouvelles Editions Francaise
1959
|
| Subjects: | |
| Tags: |
Engadir etiqueta
Sen Etiquetas, Sexa o primeiro en etiquetar este rexistro!
|
MARC
| LEADER | 00000nam a2200000 a 4500 | ||
|---|---|---|---|
| 001 | UCY4924 | ||
| 003 | CL-VaPUC | ||
| 008 | 950405e19590000FR |||||||||||||||||fre|d | ||
| 082 | 0 | 4 | |a 759.4 |b SCH |2 21 |
| 100 | 0 | |a Schapiro, Meyer |e author |9 333451 | |
| 245 | 1 | 0 | |a Paul Cezanne |
| 300 | |a 32 p | ||
| 942 | |c BK | ||
| 945 | |d 19950405 00:00:00 |a oaravena | ||
| 260 | |a París |b Nouvelles Editions Francaise |c 1959 | ||
| 650 | 0 | |a Impresionismo (Arte) |9 266135 | |
| 650 | 0 | |a Obras ilustradas |9 265022 | |
| 583 | |a last modification |c 19950405 00:00:00 |k Rodrigo Vera | ||
| 999 | |c 232673 |d 232671 | ||
| 952 | |0 0 |1 0 |4 0 |6 759_400000000000000_SCH_1959 |7 0 |8 F |9 237477 |a BIBARQ |b BIBARQ |d 2019-11-15 |i 307417K |o 759.4 SCH 1959 |p 307417K |r 2025-01-20 |w 2019-11-15 |y BK_F |k ARQ | ||